| 000 | 00869nam a2200289 a 4500 | ||
|---|---|---|---|
| 001 | 85490 | ||
| 003 | BD-RjUL | ||
| 005 | 20250810111832.0 | ||
| 008 | 250810s1950 ii 000 0 eng | ||
| 035 | _a(BD-RjUL)85490 | ||
| 040 |
_aDLC _cTNJ-L _dDLC _dBD-RjUL _beng |
||
| 041 | _aeng | ||
| 082 |
_223 _a346.4203 _bIYL 1950 |
||
| 100 | 1 |
_aRamaswamy Iyer, S., _d1888- _916538 |
|
| 245 | 1 | 4 |
_aThe law of torts : _ba treatise on the law of civil wrongs / _cS. Ramaswamy Iyer. |
| 250 | _a4th ed. | ||
| 260 |
_aCalcutta : _bEastern Law House, _c1950. |
||
| 300 |
_alxvii, 704 p. _c23 cm. |
||
| 336 |
_atext _btxt _2rdacontent |
||
| 337 |
_aunmediated _bn _2rdamedia |
||
| 338 |
_avolume _bnc _2rdacarrier |
||
| 504 | _aBibliography: p.[xi]-xiii. | ||
| 650 | 0 |
_aTorts _zGreat Britain. _916539 |
|
| 650 | 0 |
_aTorts _zIndia. _916540 |
|
| 942 |
_2ddc _cBK |
||
| 999 |
_c85490 _d85490 |
||